| Tag |
First Indicator |
Second Indicator |
Subfields |
| LEADER |
00000cam a2200000 a 4500 |
| 001 |
in00000030128 |
| 005 |
20151007060211.0 |
| 008 |
870708s1988 enkab b 00100 eng |
| 010 |
|
|
|a 87021016
|
| 020 |
|
|
|a 0860911756 :
|c $34.95 (U.S.)
|
| 020 |
|
|
|a 0860918874 (pbk.) :
|c $13.95 (U.S.)
|
| 035 |
|
|
|a (OCoLC)16405291
|
| 035 |
|
|
|9 AAC0277AM
|
| 040 |
|
|
|a DLC
|c DLC
|d TXA
|d UtOrBLW
|
| 043 |
|
|
|a a-is---
|a ma-----
|
| 049 |
|
|
|a TXAM
|c [A11090780]
|
| 050 |
0 |
0 |
|a DS119.7
|b .B5765 1988
|
| 082 |
0 |
|
|a 956/.04
|2 19
|
| 245 |
0 |
0 |
|a Blaming the victims :
|b spurious scholarship and the Palestinian question /
|c edited by Edward W. Said and Christopher Hitchens.
|
| 264 |
|
1 |
|a London ;
|a New York :
|b Verso,
|c 1988.
|
| 300 |
|
|
|a vi, 296 pages :
|b illustrations, maps ;
|c 22 cm.
|
| 336 |
|
|
|a text
|b txt
|2 rdacontent
|
| 337 |
|
|
|a unmediated
|b n
|2 rdamedia
|
| 338 |
|
|
|a volume
|b nc
|2 rdacarrier
|
| 504 |
|
|
|a Includes bibliographies and index.
|
| 650 |
|
0 |
|a Arab-Israeli conflict
|x Historiography.
|
| 650 |
|
0 |
|a Palestinian Arabs
|x Historiography.
|
| 700 |
1 |
|
|a Said, Edward W.
|
| 700 |
1 |
|
|a Hitchens, Christopher.
|
| 999 |
|
|
|a MARS
|
| 999 |
f |
f |
|s bc7ad20b-7925-3772-88c1-3f7be830d041
|i e9a912ba-a475-3f2d-9b3d-280bbe84de60
|t 0
|
| 952 |
f |
f |
|p normal
|a Texas A&M University
|b College Station
|c Sterling C. Evans Library
|d Evans: Library Stacks
|t 0
|e DS119.7 .B5765 1988
|h Library of Congress classification
|i unmediated -- volume
|m A14811090780
|
| 998 |
f |
f |
|a DS119.7 .B5765 1988
|t 0
|l Evans: Library Stacks
|